[Event "exe Slovakia Open 2025"]
[Site "Bratislava SVK"]
[Date "2025.09.16"]
[Round "4.19"]
[White "Zaiarski, Stepan"]
[Black "Koelber, Daniel"]
[Result "0-1"]
[WhiteElo "1987"]
[BlackElo "2270"]
[WhiteFideId "13907000"]
[BlackFideId "1643380"]
[EventDate "2025.09.13"]

1. d4 Nf6 2. c4 g6 3. g3 c6 4. Bg2 d5 5. Nf3 Bg7 6. O-O O-O 7. cxd5 cxd5 8. Ne5
Bf5 9. Nc3 Ne4 10. g4 Be6 11. Nxe4 dxe4 12. Bxe4 Nc6 13. Nxc6 bxc6 14. e3 Qd7
15. Bf3 Rab8 16. Be2 c5 17. b3 cxd4 18. exd4 Bxd4 19. Bf4 Rbc8 20. Rc1 Rxc1 21.
Bxc1 Rd8 22. Bf4 Qc8 23. Qc1 Bxg4 24. Qxc8 Bxc8 25. Rd1 f6 26. Bb8 Rd7 27. Rc1
Bb7 28. Bc4+ Bd5 29. Bxd5+ Rxd5 30. Rc7 Rg5+ 31. Kf1 Rf5 32. Rc8+ Kf7 33. Bg3 h5
34. Ke2 Bb6 35. a4 Rd5 36. b4 Ke6 37. a5 Bd4 38. Rc7 Rb5 39. Rc4 Kd5 40. Kd3 e5 0-1

[Event "exe Slovakia Open 2025"]
[Site "Bratislava SVK"]
[Date "2025.09.16"]
[Round "4.20"]
[White "Sydoryka, Vladyslav"]
[Black "Haasova, Timea"]
[Result "1-0"]
[WhiteTitle "FM"]
[WhiteElo "2246"]
[BlackElo "2002"]
[WhiteFideId "14145928"]
[BlackFideId "14960109"]
[EventDate "2025.09.13"]

1. Nf3 Nf6 2. c4 d5 3. cxd5 Nxd5 4. b3 c5 5. Bb2 Nc6 6. a3 Bg4 7. e3 e6 8. Be2
Qc7 9. d3 Rd8 10. Nbd2 Nf6 11. Rc1 Bd6 12. h3 Bh5 13. O-O Bg6 14. d4 cxd4 15.
Nxd4 O-O 16. Bf3 Nd5 17. b4 Qd7 18. Nxc6 bxc6 19. Nc4 Bc7 20. Qa4 Bd3 21. Rfd1
Bxc4 22. Rxc4 Qd6 23. g3 Nb6 24. Rxd6 Nxa4 25. Rxd8 Rxd8 26. Rxc6 Bb6 27. Be5 h6
28. Rd6 f6 29. Rxd8+ Bxd8 30. Bb8 a5 31. Bc6 Nb2 32. bxa5 Bxa5 33. Bb5 Kf7 34.
Bd6 e5 35. Kf1 Ke6 36. Bf8 Kf7 37. Bc5 Nd1 38. Bc4+ Ke8 39. Ke2 Nc3+ 40. Kd3 Nd1
41. Bb5+ Kf7 42. e4 Ke6 43. Bc4+ Kd7 44. Bb5+ Kc7 45. f3 Bb6 46. Bf8 Nf2+ 47.
Kc4 Nxh3 48. Bxg7 Ng5 49. Bxf6 Nxf3 50. Kd5 Bf2 51. Be2 Ng5 52. Bxe5+ Kb7 53.
Bf4 Kb6 54. e5 Bc5 55. a4 Be7 56. e6 Ka5 57. Bb5 h5 58. Bc7+ Kb4 59. Bd6+ Bxd6
60. Kxd6 Ne4+ 61. Ke5 1-0

[Event "exe Slovakia Open 2025"]
[Site "Bratislava SVK"]
[Date "2025.09.16"]
[Round "4.21"]
[White "Vasynda, Oleksandr"]
[Black "Hasala, Richard"]
[Result "1-0"]
[WhiteTitle "FM"]
[WhiteElo "2209"]
[BlackElo "1996"]
[WhiteFideId "14176297"]
[BlackFideId "14969157"]
[EventDate "2025.09.13"]

1. d4 d5 2. Nf3 e6 3. Bf4 Nf6 4. e3 c5 5. c3 Nc6 6. Nbd2 Bd6 7. Bg3 O-O 8. Bd3
b6 9. e4 dxe4 10. Nxe4 Nxe4 11. Bxe4 Bb7 12. dxc5 Bxc5 13. Qa4 b5 14. Qxb5 Qb6
15. Qa4 f5 16. Bc2 Ba6 17. O-O-O Bb5 18. Qh4 Be7 19. Qf4 Bf6 20. Qe3 Bc4 21. Bd6
Rfe8 22. Qxb6 axb6 23. a3 g6 24. Bc7 b5 25. Rhe1 Ra7 26. Be5 Nxe5 27. Nxe5 Bd5
28. g3 g5 29. Bxf5 Bb3 30. Bc2 Bd5 31. Ng4 Rf8 32. Rd2 Be7 33. Ne5 Bc5 34. f3
Bd6 35. Be4 Bxe5 36. Bxd5 exd5 37. Rxe5 Rxf3 38. Rxg5+ Kf7 39. Rgxd5 1-0

[Event "exe Slovakia Open 2025"]
[Site "Bratislava SVK"]
[Date "2025.09.16"]
[Round "4.22"]
[White "Mikusik, Marian"]
[Black "Holly, Andrej"]
[Result "0-1"]
[WhiteElo "1947"]
[BlackElo "2199"]
[WhiteFideId "14905345"]
[BlackFideId "14947781"]
[EventDate "2025.09.13"]

1. d4 Nf6 2. c4 g6 3. Nc3 d5 4. cxd5 Nxd5 5. e4 Nxc3 6. bxc3 Bg7 7. Qa4+ Nd7 8.
Qa3 O-O 9. Bg5 c5 10. Rd1 Qc7 11. Nf3 b6 12. Bd3 Bb7 13. O-O e6 14. Rfe1 Nf6 15.
Qc1 Rac8 16. Bf4 Qe7 17. Qa3 Nh5 18. Be3 Qc7 19. Ne5 a6 20. Nf3 Nf4 21. Bb1 c4
22. Qc1 Nd3 23. Bxd3 cxd3 24. Bd2 Qc4 25. Qb1 b5 26. Re3 e5 27. Nxe5 Bxe5 28.
dxe5 Bxe4 29. f3 Bf5 30. g4 Be6 31. Rxd3 Qc5+ 32. Be3 Qxe5 33. Bd4 Qf4 34. Qb2
Bc4 35. Re3 Rfe8 36. Rde1 Rxe3 37. Rxe3 Rd8 38. Qd2 Be6 39. Qe1 b4 40. Be5 Qc4
41. Qe2 bxc3 42. Re4 Qc5+ 43. Qf2 Rd1+ 44. Kg2 Qxf2+ 45. Kxf2 c2 46. Bb2 c1=Q
47. Bxc1 Rxc1 48. a4 Rc4 0-1

[Event "exe Slovakia Open 2025"]
[Site "Bratislava SVK"]
[Date "2025.09.16"]
[Round "4.23"]
[White "Reichel, Lukasz"]
[Black "Lahav, Michal"]
[Result "0-1"]
[BlackTitle "WIM"]
[WhiteElo "1905"]
[BlackElo "2152"]
[WhiteFideId "1135961"]
[BlackFideId "2813742"]
[EventDate "2025.09.13"]

1. Nf3 d5 2. d4 Nf6 3. c4 e6 4. g3 Be7 5. Bg2 O-O 6. O-O c6 7. Qc2 b6 8. b3 Bb7
9. Nbd2 Nbd7 10. Bb2 Rc8 11. e4 dxe4 12. Nxe4 Qc7 13. c5 Rfd8 14. Rfd1 Nxe4 15.
Qxe4 bxc5 16. dxc5 Nxc5 17. Qg4 Bf8 18. Ne5 Nd7 19. Nc4 Nb6 20. Be5 Qe7 21. Nd6
Ra8 22. Rac1 Nd5 23. Nc4 a5 24. Qh5 f6 25. Bb2 Qf7 26. Qe2 Ba6 27. Qe4 Bb7 28.
Bh3 Re8 29. Qe2 a4 30. Ne3 axb3 31. axb3 Kh8 32. Bd4 Ra5 33. Nc4 Ra6 34. Ne3 Ra5
35. Nc4 Raa8 36. Ne3 Ba3 37. Ra1 c5 38. Nc4 cxd4 39. Rxa3 Rxa3 40. Nxa3 Nc3 41.
Qd3 Qh5 42. g4 Qd5 43. f3 Nxd1 44. Qxd1 Qxf3 0-1

[Event "exe Slovakia Open 2025"]
[Site "Bratislava SVK"]
[Date "2025.09.16"]
[Round "4.24"]
[White "Nookala, Nikhil Sriram"]
[Black "Bujukliev, Nikola"]
[Result "0-1"]
[WhiteElo "1819"]
[BlackElo "2130"]
[WhiteFideId "146241958"]
[BlackFideId "15000907"]
[EventDate "2025.09.13"]

1. e4 b6 2. g3 Bb7 3. Bg2 c5 4. Ne2 d5 5. O-O dxe4 6. Nec3 Nf6 7. Re1 g6 8. Qe2
Bg7 9. Nxe4 Nc6 10. Nbc3 O-O 11. d3 Nd4 12. Qd1 Qd7 13. Be3 Rad8 14. Nxf6+ Bxf6
15. Bxb7 Qxb7 16. Bxd4 Bxd4 17. Qe2 Rfe8 18. Nd1 b5 19. c3 Bg7 20. Rc1 Rd7 21.
f3 Qd5 22. c4 Qxd3 23. cxb5 Rb8 24. a4 Qd4+ 25. Nf2 Qxa4 26. Rxc5 Qb4 27. Rec1
Bxb2 28. R1c4 Qd2 29. Qxd2 Rxd2 30. Rc8+ Rxc8 31. Rxc8+ Kg7 32. Ne4 Bd4+ 33. Kh1
Rb2 34. Rc7 Kf8 35. Rc8+ Kg7 36. Rc7 Rxb5 37. Rxe7 Rd5 38. h4 h6 39. Re8 Rd7 40.
g4 a5 41. Rc8 a4 42. Rc4 a3 43. Rc2 Bb2 44. Nc5 a2 45. Nb3 a1=Q+ 46. Nxa1 Bxa1
47. Kg2 Be5 0-1

[Event "exe Slovakia Open 2025"]
[Site "Bratislava SVK"]
[Date "2025.09.16"]
[Round "4.26"]
[White "Oruzinsky, Juraj"]
[Black "Iankin, Arseni"]
[Result "1-0"]
[WhiteTitle "FM"]
[WhiteElo "2318"]
[BlackElo "1976"]
[WhiteFideId "14962195"]
[BlackFideId "24224073"]
[EventDate "2025.09.13"]

1. e4 c5 2. Nf3 a6 3. c3 e6 4. d4 d5 5. e5 Bd7 6. Be2 Qb6 7. O-O Bb5 8. dxc5
Bxe2 9. Qxe2 Bxc5 10. b4 Bf8 11. Be3 Qd8 12. Nbd2 Nc6 13. b5 axb5 14. Qxb5 Ba3
15. Rab1 Ne7 16. Rb3 Ra5 17. Qd3 Bc5 18. Bxc5 Rxc5 19. Rxb7 Qa8 20. Rfb1 Ra5 21.
Nc4 Rxa2 22. Nd6+ Kf8 23. Nd4 Ra7 24. Qf3 Nf5 25. Rxa7 Nxa7 26. N4xf5 1-0

[Event "exe Slovakia Open 2025"]
[Site "Bratislava SVK"]
[Date "2025.09.16"]
[Round "4.27"]
[White "Kudela, Oliver"]
[Black "Shtemler, Lavi"]
[Result "0-1"]
[WhiteElo "1894"]
[BlackElo "2185"]
[WhiteFideId "14971755"]
[BlackFideId "2812061"]
[EventDate "2025.09.13"]

1. e4 c5 2. Nf3 Nc6 3. Bb5 g6 4. O-O Bg7 5. Re1 e5 6. c3 Nge7 7. h3 O-O 8. d3 d6
9. Bg5 Qb6 10. Bxc6 Nxc6 11. Qc2 Be6 12. Be3 h6 13. a3 a5 14. c4 f5 15. Nc3 f4
16. Bd2 g5 17. Nd5 Qd8 18. Nh2 h5 19. Qd1 g4 20. hxg4 hxg4 21. Nxg4 f3 22. gxf3
Qh4 23. Be3 Nd4 24. Bxd4 exd4 25. Qe2 Rf7 26. Kg2 Raf8 27. Rh1 Qg5 28. Raf1 Rxf3 0-1

[Event "exe Slovakia Open 2025"]
[Site "Bratislava SVK"]
[Date "2025.09.16"]
[Round "4.28"]
[White "Marchesich, Giovanni"]
[Black "Shlaen, Rem"]
[Result "1-0"]
[WhiteTitle "CM"]
[WhiteElo "2189"]
[BlackElo "1995"]
[WhiteFideId "2824790"]
[BlackFideId "2812932"]
[EventDate "2025.09.13"]

1. e4 c5 2. Nf3 Nc6 3. Bb5 g6 4. Bxc6 dxc6 5. d3 Bg7 6. h3 b6 7. O-O e5 8. a4 a5
9. Na3 f6 10. Be3 Nh6 11. Nc4 Be6 12. Nfd2 Rb8 13. f4 Nf7 14. f5 gxf5 15. exf5
Bd5 16. Qh5 O-O 17. g4 Nd6 18. Nxd6 Qxd6 19. Ne4 Bxe4 20. dxe4 Rbd8 21. h4 h6
22. Rad1 Qxd1 23. Rxd1 Rxd1+ 24. Kf2 Rh1 25. Kg2 Re1 26. Bxh6 Bxh6 27. Qxh6 Rxe4
28. g5 fxg5 29. hxg5 Rf7 30. Qg6+ Kf8 31. Qd6+ Kg7 32. Qh6+ Kg8 33. g6 Rg7 34.
Qg5 Rd7 35. f6 Red4 36. f7+ 1-0

[Event "exe Slovakia Open 2025"]
[Site "Bratislava SVK"]
[Date "2025.09.16"]
[Round "4.29"]
[White "Livnansky, Michal"]
[Black "Schroeder, Lennart"]
[Result "1/2-1/2"]
[WhiteElo "1912"]
[BlackElo "2126"]
[WhiteFideId "73622885"]
[BlackFideId "16222490"]
[EventDate "2025.09.13"]

1. d4 Nf6 2. c4 e6 3. Nc3 Bb4 4. a3 Bxc3+ 5. bxc3 b6 6. Bg5 Bb7 7. f3 h6 8. Bh4
d6 9. e4 c5 10. Bd3 e5 11. d5 Nbd7 12. Ne2 Nf8 13. O-O g5 14. Bf2 Ng6 15. Qa4+
Qd7 16. Qxd7+ Kxd7 17. Be3 Kc7 18. Ng3 Bc8 19. Ne2 Nf4 20. Bxf4 gxf4 21. Kf2 Bd7
22. Rfb1 Rhg8 23. Rg1 Rg7 24. Rgb1 Rag8 25. Rg1 Rg5 26. Rab1 R8g7 27. Ra1 Ng8
28. g3 fxg3+ 29. Rxg3 Nf6 30. Rag1 Nh5 31. Rxg5 Rxg5 32. h4 Rg6 33. Rxg6 fxg6
34. Ng1 a6 35. Ke3 b5 36. Ne2 g5 37. hxg5 hxg5 38. cxb5 axb5 39. c4 Kb6 40. cxb5
Bxb5 41. Nc3 Bd7 42. a4 Nf6 43. Bb5 Bxb5 44. Nxb5 Ne8 45. Kd3 Ka5 46. Kc4 Kb6 1/2-1/2

[Event "exe Slovakia Open 2025"]
[Site "Bratislava SVK"]
[Date "2025.09.16"]
[Round "4.30"]
[White "Akdogan, Alperen"]
[Black "Skrinar, Marek"]
[Result "1-0"]
[WhiteTitle "FM"]
[WhiteElo "2113"]
[BlackElo "1956"]
[WhiteFideId "6347363"]
[BlackFideId "14940710"]
[EventDate "2025.09.13"]

1. Nf3 d5 2. g3 g6 3. d4 Nf6 4. Bg2 Bg7 5. c4 c6 6. Qb3 Nbd7 7. cxd5 cxd5 8. Nc3
Nb6 9. O-O O-O 10. Rd1 e6 11. Bf4 Nh5 12. Bg5 Bf6 13. Bxf6 Nxf6 14. Ne5 Bd7 15.
Rac1 Rc8 16. Qa3 a6 17. Qb4 Bc6 18. b3 Nfd7 19. Nd3 Qg5 20. e3 Na8 21. a4 Nc7
22. Ne2 Ne8 23. Rc2 Nef6 24. Rdc1 Ne4 25. Qe1 Rb8 26. Nb4 Ndf6 27. Nf4 Bd7 28.
Nbd3 Rfc8 29. Ne5 Rxc2 30. Rxc2 Bc6 31. Qb4 Nd7 32. Nxd7 Bxd7 33. Rc7 Be8 34.
Rxb7 Rc8 35. Rb8 Rc1+ 36. Bf1 Nf6 37. Qe7 Qf5 38. Rxe8+ Nxe8 39. Qxe8+ Kg7 40.
Qe7 g5 41. Ne2 Rb1 42. Nc3 Rc1 43. e4 dxe4 44. Nxe4 h6 45. Qb7 a5 46. Nd6 Qg6
47. Kg2 Kf8 48. Bd3 f5 49. Bc4 Re1 50. Qc8+ Kg7 51. Qd7+ Kg8 52. d5 g4 53. dxe6
Kf8 54. e7+ Rxe7 55. Qd8+ Re8 1-0

[Event "exe Slovakia Open 2025"]
[Site "Bratislava SVK"]
[Date "2025.09.16"]
[Round "4.31"]
[White "Barbir, Petar"]
[Black "Durana, Jonas"]
[Result "1-0"]
[WhiteElo "1923"]
[BlackElo "2112"]
[WhiteFideId "14596466"]
[BlackFideId "73619663"]
[EventDate "2025.09.13"]

1. e4 e6 2. d4 d5 3. Nc3 Bb4 4. e5 c5 5. a3 Bxc3+ 6. bxc3 Qc7 7. Nf3 Nc6 8. Be2
Nge7 9. h4 Bd7 10. a4 cxd4 11. cxd4 Nb4 12. O-O Nxc2 13. Bd2 Nxa1 14. Qxa1 O-O
15. Bb4 Bc6 16. Bd3 Qd7 17. Re1 a5 18. Bc5 Rfe8 19. g4 Bxa4 20. Re3 Bb5 21.
Bxh7+ Kxh7 22. Ng5+ Kg8 23. Qb1 g6 24. h5 Rac8 25. Ba3 Ba4 26. Kg2 Bc2 27. Qh1
Be4+ 28. Rxe4 f6 29. exf6 dxe4 30. f7+ Kg7 31. h6+ Kh8 32. fxe8=Q+ Qxe8 33. Bd6
Nc6 34. Qh2 e5 35. dxe5 Rd8 36. e6 Rxd6 37. Qxd6 Qe7 38. Qd2 Qf6 39. Qd7 Ne7 40.
Qe8+ Ng8 41. h7 1-0

[Event "exe Slovakia Open 2025"]
[Site "Bratislava SVK"]
[Date "2025.09.16"]
[Round "4.32"]
[White "Andre, Tomas"]
[Black "Livnansky, Tomas"]
[Result "1-0"]
[WhiteTitle "CM"]
[WhiteElo "2111"]
[BlackElo "1874"]
[WhiteFideId "14975793"]
[BlackFideId "14967634"]
[EventDate "2025.09.13"]

1. e4 e5 2. Nf3 Nc6 3. d4 exd4 4. Nxd4 Nf6 5. Nxc6 bxc6 6. Nd2 d5 7. exd5 cxd5
8. Bb5+ Bd7 9. Bxd7+ Qxd7 10. O-O Be7 11. b3 O-O 12. Bb2 Rad8 13. Qf3 h6 14.
Rfd1 c6 15. h3 Nh7 16. Nf1 Ng5 17. Qd3 Qe6 18. Ng3 Ne4 19. Re1 Qg6 20. Nxe4 dxe4
21. Qxe4 Qxe4 22. Rxe4 Bf6 23. Bxf6 gxf6 24. Rc4 Rd6 25. Re1 Rfd8 26. Re7 Rd1+
27. Kh2 Rf1 28. f3 f5 29. Rxc6 Rd2 30. Rc8+ Kg7 31. Rcc7 Kf6 32. Rxf7+ Ke6 33.
Rce7+ 1-0

[Event "exe Slovakia Open 2025"]
[Site "Bratislava SVK"]
[Date "2025.09.16"]
[Round "4.33"]
[White "Michalska, Aleksandra"]
[Black "Canella, Jacopo"]
[Result "1/2-1/2"]
[WhiteElo "1892"]
[BlackElo "2080"]
[WhiteFideId "1193953"]
[BlackFideId "2864750"]
[EventDate "2025.09.13"]

1. e4 c5 2. c4 g6 3. Nc3 Bg7 4. g3 Nc6 5. Bg2 d6 6. d3 a6 7. Nge2 Rb8 8. a4 e6
9. O-O Nge7 10. Rb1 Nd4 11. Bg5 h6 12. Be3 Nec6 13. Qd2 h5 14. h3 e5 15. f4 exf4
16. Bxf4 O-O 17. Nxd4 Nxd4 18. Kh2 Be6 19. Ne2 b5 20. Nxd4 Bxd4 21. axb5 axb5
22. b3 f6 23. Rfc1 Qb6 24. Qc2 g5 25. Bd2 b4 26. Qd1 g4 27. Bf4 Kf7 28. h4 Rfd8
29. Qd2 Qa7 1/2-1/2

[Event "exe Slovakia Open 2025"]
[Site "Bratislava SVK"]
[Date "2025.09.16"]
[Round "4.34"]
[White "Babula, Matej"]
[Black "Krupa, Andrej"]
[Result "1-0"]
[WhiteElo "2012"]
[BlackElo "1870"]
[WhiteFideId "398322"]
[BlackFideId "73619876"]
[EventDate "2025.09.13"]

1. e4 c5 2. Nf3 d6 3. d4 cxd4 4. Nxd4 Nf6 5. Nc3 a6 6. f3 e6 7. Be3 Be7 8. Qd2
Qc7 9. O-O-O Nbd7 10. g4 h6 11. h4 b5 12. Be2 Bb7 13. g5 hxg5 14. hxg5 Rxh1 15.
Rxh1 Ng8 16. Rh8 O-O-O 17. Ncxb5 axb5 18. Nxb5 Qb8 19. Na7+ Kc7 20. Qa5+ Nb6 21.
Qxb6+ Kd7 22. Bb5+ Bc6 23. Bxc6# 1-0

[Event "exe Slovakia Open 2025"]
[Site "Bratislava SVK"]
[Date "2025.09.16"]
[Round "4.35"]
[White "Kovacik, Oliver"]
[Black "Striskova, Lucia"]
[Result "0-1"]
[BlackTitle "WFM"]
[WhiteElo "1880"]
[BlackElo "2042"]
[WhiteFideId "2321963"]
[BlackFideId "14960958"]
[EventDate "2025.09.13"]

1. d4 d5 2. Bf4 c5 3. e3 Nc6 4. Nf3 Nf6 5. c3 Qb6 6. Qc2 cxd4 7. exd4 Bf5 8. Qb3
h6 9. Bb5 Nd7 10. O-O e6 11. Re1 Be7 12. Nbd2 a6 13. Bxc6 Qxc6 14. Ne5 Nxe5 15.
Bxe5 O-O 16. Rac1 b5 17. Qd1 Rfc8 18. h3 a5 19. Qf3 Ra6 20. Qg3 f6 21. Bf4 Kh7
22. Nf3 g5 23. Nh4 gxf4 24. Qxf4 Qd6 25. Qf3 Bg6 26. Nxg6 Kxg6 27. Qd3+ f5 28.
Qxb5 Rb8 29. Rxe6+ Qxe6 30. Qxb8 Bd6 31. Qb5 Rb6 32. Qxa5 Rxb2 33. c4 dxc4 34.
Qa8 Rd2 35. Qh8 c3 36. d5 Qxd5 37. Qe8+ Kg7 38. Qd7+ Qf7 39. Qxf7+ Kxf7 40. g4
c2 41. Kg2 Ba3 0-1

[Event "exe Slovakia Open 2025"]
[Site "Bratislava SVK"]
[Date "2025.09.16"]
[Round "4.36"]
[White "Thompson, Ian D"]
[Black "Levytskyi, Liubomyr"]
[Result "1-0"]
[WhiteTitle "FM"]
[WhiteElo "2006"]
[BlackElo "1854"]
[WhiteFideId "405205"]
[BlackFideId "34132155"]
[EventDate "2025.09.13"]

1. c4 Nf6 2. Nc3 e6 3. e4 c5 4. Nf3 Nc6 5. d3 d6 6. g3 Be7 7. Bg2 O-O 8. O-O Qb6
9. Rb1 Rd8 10. Ne1 a6 11. Nc2 Qc7 12. Be3 b6 13. f4 Bb7 14. g4 Bf8 15. h3 Rab8
16. g5 Nd7 17. Qe2 Ba8 18. d4 cxd4 19. Nxd4 Nxd4 20. Bxd4 e5 21. fxe5 Nxe5 22.
b3 Re8 23. Rbc1 g6 24. Nd5 Bxd5 25. cxd5 Qd8 26. Qxa6 Qxg5 27. Bxe5 Qxe5 28. Rc7
Be7 29. a4 b5 30. axb5 Qd4+ 31. Kh1 Qb6 32. Rfc1 Bg5 33. Qxb6 Rxb6 34. Rc8 Rxc8
35. Rxc8+ Kg7 36. Bf1 Be3 37. Kg2 Kf6 38. Kf3 Bd4 39. Rc7 Bg1 40. Bc4 h5 41. e5+
Kxe5 42. Rxf7 g5 43. Rh7 g4+ 44. Kg2 Be3 45. Rxh5+ Kf4 46. h4 g3 47. Rh8 Rb7 48.
Be2 Bf2 49. Rf8+ Ke3 50. Re8+ Kf4 51. h5 Ra7 52. h6 Ra1 53. Bf1 Ra2 54. Kh3 Bc5
55. Bg2 Ra7 56. Kh4 Rf7 57. Re4+ Kf5 58. Kh5 Rb7 59. Rg4 Be3 60. Be4+ Ke5 61. h7
Rb8 62. Rg8 Kxe4 63. h8=Q Rxg8 64. Qxg8 Kf3 65. Qg4+ Kf2 66. Qf5+ Kg1 67. Qf3
Bf2 68. Kg4 1-0

[Event "exe Slovakia Open 2025"]
[Site "Bratislava SVK"]
[Date "2025.09.16"]
[Round "4.37"]
[White "Simon, Peter"]
[Black "Boesel, Alexander"]
[Result "0-1"]
[WhiteElo "1871"]
[BlackElo "2054"]
[WhiteFideId "14995948"]
[BlackFideId "4623185"]
[EventDate "2025.09.13"]

1. c4 e6 2. Nc3 d5 3. d4 Nf6 4. Nf3 a6 5. cxd5 exd5 6. Bg5 Be6 7. e3 Bd6 8. Bd3
c6 9. O-O Nbd7 10. Nd2 Qc7 11. f4 Bg4 12. Qc2 h6 13. Bh4 g5 14. Bg3 Nh5 15. Nf3
Bxf3 16. Rxf3 g4 17. Rff1 Nxg3 18. hxg3 Nf6 19. Bf5 Kf8 20. Rfe1 h5 21. e4 dxe4
22. Nxe4 Nxe4 23. Rxe4 Be7 24. Rd1 Rd8 25. Kf1 Bf6 26. Qc5+ Kg7 27. d5 Qd6 28.
Qxd6 Rxd6 29. Rb4 b5 30. Rc1 cxd5 31. Rc7 Re8 32. a4 Bd8 33. Ra7 Rc6 34. Rb7 Ba5
35. Rd4 Rc1+ 0-1

[Event "exe Slovakia Open 2025"]
[Site "Bratislava SVK"]
[Date "2025.09.16"]
[Round "4.38"]
[White "Galla, Richard"]
[Black "Antal, Jozsef"]
[Result "1-0"]
[WhiteElo "2035"]
[BlackElo "1868"]
[WhiteFideId "14948672"]
[BlackFideId "710270"]
[EventDate "2025.09.13"]

1. d4 d5 2. c4 e6 3. Nf3 Nf6 4. g3 Be7 5. Bg2 O-O 6. O-O c6 7. Qc2 b6 8. Nbd2
Bb7 9. e4 dxe4 10. Nxe4 Nxe4 11. Qxe4 Nd7 12. Rd1 Nf6 13. Qc2 Qc7 14. c5 bxc5
15. dxc5 Qa5 16. b4 Qxb4 17. Rb1 Qxc5 18. Qxc5 Bxc5 19. Rxb7 Ng4 20. Rb2 Rad8
21. Rf1 Bb6 22. Rc2 Rc8 23. Ba3 Rfd8 24. Bc5 Rd5 25. Bxb6 axb6 26. Rb1 b5 27. h3
Nf6 28. Nh2 Rd6 29. Rxb5 Rd1+ 30. Nf1 Nd5 31. Bxd5 exd5 32. Rbc5 g6 33. Rxc6 Re8
34. Rc8 Kf8 35. Rxe8+ Kxe8 36. Rd2 Ra1 37. Kg2 Ke7 38. Ne3 Ke6 39. Nxd5 f5 40.
Nf4+ Kf6 41. h4 Ke5 42. Rd7 Rxa2 43. Rxh7 1-0

[Event "exe Slovakia Open 2025"]
[Site "Bratislava SVK"]
[Date "2025.09.16"]
[Round "4.39"]
[White "Fudala, Dominik"]
[Black "Maciejewski, Kamil"]
[Result "1-0"]
[WhiteElo "1829"]
[BlackElo "2018"]
[WhiteFideId "1189298"]
[BlackFideId "21805768"]
[EventDate "2025.09.13"]

1. e4 e5 2. Nf3 Nf6 3. Nxe5 d6 4. Nf3 Nxe4 5. d4 d5 6. Bd3 Bd6 7. O-O O-O 8. c4
c6 9. Nc3 Nxc3 10. bxc3 dxc4 11. Bxc4 Nd7 12. Re1 h6 13. Qd3 b5 14. Bb3 Nc5 15.
Qc2 Nxb3 16. axb3 Qc7 17. Ba3 Bxa3 18. Rxa3 Bb7 19. Qf5 a5 20. Qc5 Rfe8 21. Raa1
Rxe1+ 22. Nxe1 a4 23. bxa4 bxa4 24. Qb4 Ra5 25. Nd3 Rb5 26. Qxa4 Qb6 27. Qd1 Ra5
28. Rxa5 Qxa5 29. Nc5 Bc8 30. Qe1 Bf5 31. h3 Kh7 32. Ne4 Qd5 33. Ng3 Bg6 34. Qe3
Qe6 35. Qxe6 fxe6 36. Kf1 Kg8 37. Ke2 Kf7 38. Ke3 Bc2 39. Kf4 Ke7 40. Ke5 g5 41.
Ne4 Bd3 42. f4 gxf4 43. Kxf4 Bf1 44. Kf3 Kf7 45. h4 Kg6 46. g4 Bd3 47. Kf4 Be2
48. g5 hxg5+ 49. hxg5 Kf7 50. Ke5 Ke7 51. Nc5 Bg4 52. Nd3 Kd7 53. Nf4 Ke7 54. g6
Bf5 55. g7 Bh7 56. Nxe6 Bg8 57. Ng5 Bb3 58. Ne4 Kf7 59. Kd6 Ba4 60. Nc5 Bb5 61.
Ne6 Bc4 62. Nd8+ Kxg7 63. Nxc6 Kf8 64. Kd7 Bd5 65. Ne5 Bb3 66. c4 Ba4+ 67. Kd8
Kg7 68. Ke7 Kh6 69. Kf6 1-0

[Event "exe Slovakia Open 2025"]
[Site "Bratislava SVK"]
[Date "2025.09.16"]
[Round "4.40"]
[White "Gouterney, Anton"]
[Black "Staub, Tom"]
[Result "1-0"]
[WhiteElo "2000"]
[BlackElo "1772"]
[WhiteFideId "34675418"]
[BlackFideId "34674713"]
[EventDate "2025.09.13"]

1. d4 d5 2. c4 e6 3. Nc3 Nf6 4. Nf3 Be7 5. Bf4 O-O 6. e3 Nbd7 7. c5 c6 8. Bd3
Re8 9. O-O Nf8 10. b4 Ng6 11. a4 Nd7 12. Bg3 Ndf8 13. e4 dxe4 14. Nxe4 f5 15.
Nd6 f4 16. Nxe8 Qxe8 17. Bc4 Kh8 18. Qe2 Bf6 19. b5 Bd7 20. Rab1 fxg3 21. hxg3
e5 22. d5 cxd5 23. Bxd5 Rc8 24. Rfc1 Ne6 25. Qe3 Rb8 26. Qe4 Nd8 27. g4 Ne7 28.
Re1 Bxg4 29. Qxg4 Nxd5 30. Rbd1 Nf4 31. Qxf4 Nf7 32. Qe4 Qc8 33. Rc1 Qc7 34. c6
bxc6 35. Qxc6 Qa5 36. Qc7 Qxc7 37. Rxc7 Nd6 38. Nxe5 h6 39. Nd7 Bd8 40. Rc6 1-0

[Event "exe Slovakia Open 2025"]
[Site "Bratislava SVK"]
[Date "2025.09.16"]
[Round "4.41"]
[White "Donauer Daniel"]
[Black "Kolman, Richard"]
[Result "1/2-1/2"]
[WhiteElo "1812"]
[BlackElo "1982"]
[WhiteFideId "1365754"]
[BlackFideId "14904993"]
[EventDate "2025.09.13"]

1. e4 c5 2. Nf3 e6 3. d4 cxd4 4. Nxd4 Nf6 5. Nc3 Bb4 6. e5 Nd5 7. Bd2 Nxc3 8.
bxc3 Qh4 9. Nb5 Bc5 10. Qf3 Na6 11. Nd6+ Bxd6 12. exd6 Nc5 13. Bd3 Rb8 14. O-O
b6 15. Qf4 Qxf4 16. Bxf4 Bb7 17. a4 O-O 18. f3 Rfc8 19. c4 a5 20. Ra3 Bc6 21.
Rfa1 f6 22. Be2 e5 23. Be3 Kf7 24. f4 Ke6 25. fxe5 fxe5 26. Rd1 Nxa4 27. Bg4+
Kf7 28. Bg5 Nc5 29. Re3 e4 30. Rf1+ Kg8 31. Be7 a4 32. Bh5 g6 33. Rg3 Rf8 34.
Rxf8+ Rxf8 35. Bxf8 Kxf8 36. Bg4 Kf7 37. Ra3 Kf6 38. h4 Ke5 39. Kf2 Kd4 40. Be2
Nb7 41. c3+ Kc5 42. Bd1 Nxd6 43. Bxa4 Nxc4 44. Ra1 b5 45. Bc2 d5 46. g4 b4 47.
cxb4+ Kxb4 48. Ra7 Kc3 49. Bxe4 dxe4 50. Rxh7 Kd2 51. Re7 e3+ 52. Kg3 e2 53. Kf2
Bf3 54. Kxf3 e1=Q 55. Rxe1 Kxe1 56. Kf4 Kf2 57. Kg5 Kg3 58. h5 gxh5 59. gxh5 Ne5 1/2-1/2

[Event "exe Slovakia Open 2025"]
[Site "Bratislava SVK"]
[Date "2025.09.16"]
[Round "4.42"]
[White "Chmurny, Richard"]
[Black "Sommerbauer-Cornell, Ben"]
[Result "1/2-1/2"]
[WhiteElo "1689"]
[BlackElo "1977"]
[WhiteFideId "14989581"]
[BlackFideId "494712"]
[EventDate "2025.09.13"]

1. d4 Nf6 2. Bf4 c5 3. e3 Qb6 4. Nc3 d6 5. dxc5 Qxc5 6. Nf3 g6 7. h3 Bg7 8. Qd2
O-O 9. Be2 Nbd7 10. O-O a6 11. Rfd1 b5 12. a3 Bb7 13. Bh2 Rac8 14. Nd4 Nb6 15.
Nb3 Qc7 16. Na5 Ba8 17. Bd3 Nfd7 18. Nb3 Na4 19. Nxa4 bxa4 20. Nd4 Qb7 21. f3
Qxb2 22. Bxa6 Bxd4 23. Bxc8 Bc3 24. Qd3 Rxc8 25. Rdb1 Nc5 26. Qd1 Qxa1 27. Rxa1
Bxa1 28. Qxa1 Rb8 1/2-1/2